000 00617nam a2200193 4500
001 109728
003 ES-MaACL
005 20251124170355.0
007 t|
008 061121s1942 sp r ||||1| spa d
100 1 _aMunthe, Axel.
_984247
245 1 0 _aLo que no conté en la Historia de San Michele /
_cAxel Munthe ; traducción de Alfonso Nadal ; ilustraciones de José Narro.
260 _aMadrid :
_bGacela,
_c1942.
300 _a224 p. :
_bIL. ;
_c23 cm.
700 1 _aNadal, Alfonso.
_984791
700 1 _aNarro, José,
_d1902-
_984950
852 _aES-MaACL
_jF-15501
_bR.19788
999 _c109728
_d109728